| 000 | 00638cam8a220020500 4500 | ||
|---|---|---|---|
| 001 | qce01891407 | ||
| 005 | 20190816105415.0 | ||
| 008 | 800929s1966 nyu 000 0 eng d | ||
| 010 | _a 66023491 | ||
| 035 | _a(Sirsi) r41038 | ||
| 035 | _a(QCAT)lss02880397 | ||
| 035 | _a(UPRA)qce01891407 | ||
| 040 | _dUPRA | ||
| 100 | 1 |
_aCaster, Marcel van. _6A101681.1 |
|
| 245 | 1 | 0 |
_aGod's word today : _bprinciples, methods and examples of catechesis / _cMarcel van Caster. |
| 260 |
_aNew York : _bBenziger Bros., _cc1966. |
||
| 650 | 0 |
_aChristian education. _6S29821.1 |
|
| 949 |
_aBV1471.2 _wlcc _i-49925 _mMAIN _tBOOK _lON-SHELF |
||
| 004 | 41038 | ||
| 999 |
_c89753 _d89753 |
||